Städte in der Pokémon Kalos-Region auf einer Karte - Statistiken

Allgemein
  • Dieses Quiz wurde 337 mal gespielt
    333 seit der letzten Aktualisierung
  • Das Durchschnittsergebnis liegt bei 10 aus 17
Antworten auf der Karte
Die Antworten werden auf der Karte rot bzw. grün angezeigt, abhängig davon wie oft sie richtig erraten wurden.
 
Antwortstatistiken
Antwort % Korrekt
Illumina City
95%
Pokémon Liga
74%
Escissia
73%
Aquarellia
65%
Nouvaria City
64%
Petrophia
64%
Romantia City
62%
Vanitéa
60%
Fractalia City
57%
Batika City
55%
Tempera City
55%
Yantara City
54%
Relievera City
52%
Cromlexia
51%
Fluxia City
47%
Frescora
43%
Mosaia
43%
Keine übereinstimmenden Quizze gefunden
Verteilung der Resultate
Anzahl Personen mit jedem Resultat
Perzentil nach korrekt beantworteten Fragen
Ihre Resultats-Entwicklung
Sie haben dieses Quiz seit der letzten Aktualisierung nicht gespielt